| 000 | 00585nam a2200205Ia 4500 | ||
|---|---|---|---|
| 003 | OSt | ||
| 005 | 20250925173758.0 | ||
| 008 | 210423s2000 xx 000 0 und d | ||
| 040 | _cAL | ||
| 041 | _aEnglish | ||
| 082 |
_a305.231 _bSUTF |
||
| 100 |
_aSutradhar _9240537 |
||
| 245 |
_aFinger tips _b: a child resource directory for Bangalore |
||
| 260 |
_aNew Delhi _bSage Publications _c2000 |
||
| 365 |
_b150 _cINR |
||
| 650 |
_aSocial Groups _999640 |
||
| 650 |
_aSocial Sciences _999641 |
||
| 906 | _aBangalore ; child ; directory ; Finger ; resource ; tips: | ||
| 942 |
_2ddc _cBK |
||
| 999 |
_c171454 _d171454 |
||